Kaki buli sekolah (Record no. 114180)

MARC details
000 -LEADER
fixed length control field 00748nam a2200265 i 4500
001 - CONTROL NUMBER
control field C2-0312023
003 - CONTROL NUMBER IDENTIFIER
control field PPAK
005 - DATE AND TIME OF LATEST TRANSACTION
control field 20180728103842.0
008 - FIXED-LENGTH DATA ELEMENTS--GENERAL INFORMATION
fixed length control field 110811s2009 my a|||| ||||| | may d
020 ## - INTERNATIONAL STANDARD BOOK NUMBER
International Standard Book Number 9789675267161
040 ## - CATALOGING SOURCE
Original cataloging agency PPAK
Language of cataloging eng
Transcribing agency PPAK
Description conventions rda
082 04 - DEWEY DECIMAL CLASSIFICATION NUMBER
Classification number 899.233
Edition number 23
090 00 - LOCALLY ASSIGNED LC-TYPE CALL NUMBER (OCLC); LOCAL CALL NUMBER (RLIN)
Classification number (OCLC) (R) ; Classification number, CALL (RLIN) (NR) 899.233
Feature heading TAL
Feature heading K
100 1# - MAIN ENTRY--PERSONAL NAME
Personal name T., Alice,
Relator term author
245 10 - TITLE STATEMENT
Title Kaki buli sekolah
264 #1 - PRODUCTION, PUBLICATION, DISTRIBUTION, MANUFACTURE, AND COPYRIGHT NOTICE
Place of production, publication, distribution, manufacture Kuala Lumpur :
Name of producer, publisher, distributor, manufacturer Blue-T Publication ,
Date of production, publication, distribution, manufacture, or copyright notice 2009
300 ## - PHYSICAL DESCRIPTION
Extent 45 pages :
Other physical details colour illustrations ;
Dimensions 20 cm
336 ## - CONTENT TYPE
Source rdacontent
Content type term text
337 ## - MEDIA TYPE
Source rdamedia
Media type term unmediated
338 ## - CARRIER TYPE
Source rdacarrier
Carrier type term volume
490 1# - SERIES STATEMENT
Series statement Siri teladan nilai murni
650 10 - SUBJECT ADDED ENTRY--TOPICAL TERM
Topical term or geographic name entry element Children's stories, Malay
830 #0 - SERIES ADDED ENTRY--UNIFORM TITLE
Uniform title Siri teladan nilai murni
942 ## - ADDED ENTRY ELEMENTS (KOHA)
-- dc
Koha item type Book
Holdings
Withdrawn Not for loan Current library Shelving location Date acquired Total Checkouts Total Renewals Full call number Barcode Date last seen Date last checked out Koha item type Checked out
    Perpustakaan Alor Setar Pinjaman Kanak-kanak 11/08/2011 7 1 K 899.233 TAL A01327210 13/04/2025 06/04/2025 Book  
    Perpustakaan Alor Setar Pinjaman Kanak-kanak 11/08/2011 5 1 K 899.233 TAL A01327211 05/06/2025 13/05/2025 Book  
    Perpustakaan Awam Sungai Petani Pinjaman Kanak-kanak 06/12/2012 19 4 K 899.233 TAL A01395394 26/01/2026 04/01/2026 Book  
    Perpustakaan Baling Pinjaman Kanak-kanak 06/12/2012     K 899.233 TAL A01395397 09/05/2018   Book  
    Perpustakaan Bandar Baharu Pinjaman Kanak-kanak 06/12/2012 1   K 899.233 TAL A01395400 10/11/2024 24/10/2024 Book  
    Perpustakaan Jitra Pinjaman Kanak-kanak 06/12/2012 3   K 899.233 TAL A01395395 24/06/2026 24/06/2026 Book 15/07/2026
    Perpustakaan Kulim Pinjaman Kanak-kanak 06/12/2012 10   K 899.233 TAL A01395396 05/11/2023 28/10/2023 Book  
    Perpustakaan Langkawi Pinjaman Kanak-kanak 06/12/2012     K 899.233 TAL A01395399 09/05/2018   Book  
    Perpustakaan Merbok Pinjaman Kanak-kanak 06/12/2012 3   K 899.233 TAL A01395398 27/04/2025 29/03/2025 Book